[Event "Thessaloniki-Chalkidiki-chT"]
[Site "Thessaloniki"]
[Date "2022.02.27"]
[Round "2"]
[White "Stavrakakis, Vasilios"]
[Black "Hidzos, Georgios"]
[Result "1-0"]
[WhiteElo "2092"]
[BlackElo "1731"]
[PlyCount "55"]
[EventDate "2022.02.20"]
[EventType "team-tourn"]
[EventRounds "7"]
[EventCountry "GRE"]
[SourceTitle "EXT 2024"]
[Source "ChessBase"]
[SourceDate "2023.10.10"]
[SourceVersion "1"]
[SourceVersionDate "2023.10.10"]
[SourceQuality "1"]

1. e4 c5 2. c3 Nf6 3. e5 Nd5 4. d4 cxd4 5. cxd4 Nc6 6. Nc3 Nxc3 7. bxc3 e6 8. f4 d6 9. Nf3 Be7 10. Bd3 0-0 11. h4 g6 12. Ng5 dxe5 13. fxe5 Qa5 14. Bd2 b6 15. Qe2 Bb7 16. Nxh7 Qd5 17. Nxf8 Nxd4 18. cxd4 Qxd4 19. Rc1 Bxh4+ 20. Kf1 Rxf8 21. Be3 Qd8 22. Bh6 Re8 23. Rc4 Ba6 24. Rhxh4 Bxc4 25. Rxc4 b5 26. Rg4 a6 27. Qe4 Qa5 28. Rxg6+ 1-0

[Event "Thessaloniki White Tower op 42nd"]
[Site "Thessaloniki"]
[Date "2020.01.03"]
[Round "2"]
[White "Sai Agni, Jeevitesh J"]
[Black "Hidzos, Georgios"]
[Result "1-0"]
[WhiteElo "2293"]
[BlackElo "1785"]
[PlyCount "89"]
[EventDate "2020.01.02"]
[EventType "swiss"]
[EventRounds "9"]
[EventCountry "GRE"]
[SourceTitle "CBM 194 Extra"]
[Source "ChessBase"]
[SourceDate "2020.03.31"]
[SourceVersion "1"]
[SourceVersionDate "2020.03.31"]
[SourceQuality "1"]

1. d4 Nf6 2. c4 e6 3. Nf3 c5 4. d5 exd5 5. cxd5 d6 6. Nc3 g6 7. Bf4 a6 8. a4 Bg7 9. h3 0-0 10. e3 Re8 11. Nd2 Nh5 12. Bh2 f5 13. Be2 f4 14. 0-0 fxe3 15. fxe3 Qg5 16. Nce4 Qxe3+ 17. Kh1 Rxe4 18. Nxe4 Qxe4 19. Bxh5 gxh5 20. Qxh5 Qg6 21. Qxg6 hxg6 22. Rae1 Bd7 23. Bxd6 Bxa4 24. Re6 Nd7 25. Rxg6 Re8 26. Rf4 Bc2 27. Re6 Rc8 28. Re7 Nf8 29. Rxb7 Ng6 30. Rc4 Bd3 31. Rxc5 Re8 32. Bg3 Re3 33. Rc8+ Nf8 34. Bd6 Re1+ 35. Kh2 Rf1 36. Rb4 Rf2 37. Rg4 Rf7 38. Re8 Kh7 39. Rh4+ Kg8 40. Be5 Bxe5+ 41. Rxe5 Ng6 42. Rg4 Kg7 43. h4 Bf5 44. Rg5 Bb1 45. h5 1-0

[Event "Thessaloniki-Chalkidiki-chT B local"]
[Site "Thessaloniki"]
[Date "2019.01.20"]
[Round "2.3"]
[White "Hidzos, Georgios"]
[Black "Tsilias, Nikolaos"]
[Result "0-1"]
[WhiteElo "1821"]
[BlackElo "1962"]
[PlyCount "56"]
[EventDate "2019.01.13"]
[EventType "team-swiss"]
[EventRounds "9"]
[EventCountry "GRE"]
[SourceTitle "EXT 2020"]
[Source "ChessBase"]
[SourceDate "2019.10.17"]
[SourceVersion "1"]
[SourceVersionDate "2019.10.17"]
[SourceQuality "1"]

1. e4 c5 2. Nf3 e6 3. d3 Nc6 4. g3 Nf6 5. Bg2 Be7 6. 0-0 0-0 7. Re1 d5 8. e5 Nd7 9. c4 dxc4 10. dxc4 Ndxe5 11. Qe2 Nxf3+ 12. Qxf3 Nd4 13. Qd1 Qc7 14. Nc3 Rd8 15. Be3 Nf5 16. Qf3 Nxe3 17. Rxe3 Bf6 18. Nb5 Qe7 19. Rd1 Rxd1+ 20. Qxd1 a6 21. Nd6 Qd8 22. Rd3 Bd4 23. Ne4 Qc7 24. b4 e5 25. bxc5 Be6 26. Qb3 Rb8 27. Ng5 Qxc5 28. Bd5 Bxd5 0-1

[Event "Thessaloniki Team Cup"]
[Site "Thessaloniki"]
[Date "2018.05.20"]
[Round "2.2"]
[White "Gouloutis, Nikolaos"]
[Black "Hidzos, Georgios"]
[Result "1-0"]
[WhiteElo "2381"]
[BlackElo "1846"]
[PlyCount "75"]
[EventDate "2018.05.19"]
[EventType "team-k.o."]
[EventRounds "2"]
[EventCountry "GRE"]
[SourceTitle "CBM 184 Extra"]
[Source "ChessBase"]
[SourceDate "2018.06.28"]
[SourceVersion "1"]
[SourceVersionDate "2018.06.28"]
[SourceQuality "1"]
[WhiteTeam "Moudanion"]
[BlackTeam "Sykeon Neapolis"]
[WhiteTeamCountry "GRE"]
[BlackTeamCountry "GRE"]

1. Nf3 Nf6 2. c4 c5 3. g3 b6 4. Bg2 Bb7 5. 0-0 g6 6. Nc3 Bg7 7. d4 cxd4 8. Qxd4 0-0 9. Qh4 h5 10. Rd1 d6 11. Bg5 Nbd7 12. Rac1 Rc8 13. b3 a6 14. h3 Rc7 15. e4 Nc5 16. e5 Nfe4 17. Nd5 Nxg5 18. Qxg5 Rd7 19. Qe3 e6 20. Nf6+ Bxf6 21. exf6 Qxf6 22. b4 Na4 23. Ne5 Rc7 24. Rxd6 Bxg2 25. Kxg2 Rd8 26. Rcd1 Rxd6 27. Rxd6 Kg7 28. Qd4 Kh7 29. h4 Qf5 30. Rd8 Qf6 31. Ra8 b5 32. c5 Qg7 33. Rxa6 f6 34. Nc6 Rd7 35. Qxd7 Qxd7 36. Ra7 Qxa7 37. Nxa7 Nc3 38. c6 1-0

[Event "Thessaloniki Triandria op 11th"]
[Site "Thessaloniki"]
[Date "2018.04.09"]
[Round "1"]
[White "Hidzos, Georgios"]
[Black "Mastrovasilis, Athanasios"]
[Result "0-1"]
[WhiteElo "1894"]
[BlackElo "2505"]
[PlyCount "54"]
[EventDate "2018.04.09"]
[EventType "swiss"]
[EventRounds "9"]
[EventCountry "GRE"]
[SourceTitle "CBM 183 Extra"]
[Source "ChessBase"]
[SourceDate "2018.04.19"]
[SourceVersion "1"]
[SourceVersionDate "2018.04.19"]
[SourceQuality "1"]

1. Nf3 Nf6 2. c4 e6 3. g3 d5 4. d4 Bb4+ 5. Bd2 Be7 6. Bg2 0-0 7. 0-0 Nbd7 8. Qc2 c6 9. b3 b6 10. Bc3 Ne4 11. Bb2 Bb7 12. Nc3 f5 13. Rfd1 Bd6 14. e3 Qe7 15. Ne1 Ndf6 16. f3 Nxc3 17. Qxc3 c5 18. Nd3 cxd4 19. Qxd4 dxc4 20. bxc4 Rfd8 21. Qh4 e5 22. Qg5 Rf8 23. Qxf5 Nd5 24. Qh5 Nxe3 25. Nxe5 Rf5 26. Rxd6 Rxh5 27. Rd7 Rxe5 0-1

[Event "GRE-chT 45th"]
[Site "Achaia"]
[Date "2017.07.05"]
[Round "4.8"]
[White "Hidzos, Georgios"]
[Black "Kalogridis, Themistoklis"]
[Result "1-0"]
[WhiteElo "1873"]
[BlackElo "1072"]
[PlyCount "37"]
[EventDate "2017.07.03"]
[EventType "team-swiss"]
[EventRounds "7"]
[EventCountry "GRE"]
[SourceTitle "CBM 179 Extra"]
[Source "ChessBase"]
[SourceDate "2017.08.23"]
[SourceVersion "1"]
[SourceVersionDate "2017.08.23"]
[SourceQuality "1"]
[WhiteTeam "Sykeon Neapolis"]
[BlackTeam "Orekastro Marion Thunder"]
[WhiteTeamCountry "GRE"]
[BlackTeamCountry "GRE"]

1. Nf3 d5 2. d4 c5 3. c4 dxc4 4. d5 e6 5. e4 exd5 6. exd5 b5 7. a4 b4 8. Bxc4 Be7 9. d6 Qxd6 10. Qxd6 Bxd6 11. Bd5 Nf6 12. Bxa8 0-0 13. Be3 Ba6 14. Nbd2 c4 15. Rc1 Rc8 16. Nd4 c3 17. bxc3 bxc3 18. Ne4 Bd3 19. Nxd6 1-0

[Event "Thessaloniki Triandria op 3rd"]
[Site "Thessaloniki"]
[Date "2010.04.??"]
[Round "?"]
[White "Liakos, Georgios"]
[Black "Hidzos, Georgios"]
[Result "1-0"]
[WhiteElo "1642"]
[BlackElo "2020"]
[PlyCount "61"]
[EventDate "2010.04.10"]
[EventType "swiss"]
[EventRounds "9"]
[EventCountry "GRE"]
[SourceTitle "EXT 2011"]
[Source "ChessBase"]
[SourceDate "2010.11.26"]
[SourceVersion "1"]
[SourceVersionDate "2010.11.26"]
[SourceQuality "1"]

1. d4 Nf6 2. c4 e6 3. Nf3 c5 4. d5 exd5 5. cxd5 d6 6. Nc3 g6 7. e4 Bg7 8. Bd3 Bg4 9. h3 Bxf3 10. Qxf3 0-0 11. 0-0 Nbd7 12. Bf4 Qe7 13. g4 Ne5 14. Qg3 Nfd7 15. Bxe5 Nxe5 16. f4 Nxd3 17. Qxd3 Rfe8 18. Rae1 Bd4+ 19. Kg2 f5 20. exf5 Qxe1 21. Rxe1 Rxe1 22. fxg6 Rae8 23. gxh7+ Kh8 24. g5 Rg1+ 25. Kf3 Ree1 26. Ne2 Rgf1+ 27. Kg4 Bxb2 28. Qg6 Bg7 29. Qe8+ Kxh7 30. Kh5 Rg1 31. g6+ 1-0

[Event "GRE-chT 37th"]
[Site "Kallithea"]
[Date "2009.07.05"]
[Round "4"]
[White "Hidzos, Georgios"]
[Black "Gymnopoulos, Konstantinos"]
[Result "1-0"]
[WhiteElo "2023"]
[BlackElo "1878"]
[PlyCount "69"]
[EventDate "2009.07.03"]
[EventType "team-tourn"]
[EventRounds "9"]
[EventCountry "GRE"]
[SourceTitle "CBM 131 Extra"]
[Source "ChessBase"]
[SourceDate "2009.09.03"]
[SourceVersion "2"]
[SourceVersionDate "2009.09.16"]
[SourceQuality "1"]

1. e4 c5 2. Nf3 d6 3. d4 cxd4 4. Nxd4 Nf6 5. Nc3 g6 6. Be3 Bg7 7. f3 Nc6 8. Qd2 0-0 9. Bc4 Bd7 10. h4 Rc8 11. Bb3 h5 12. 0-0-0 Ne5 13. Bg5 Rc5 14. Kb1 b5 15. g4 Nfxg4 16. fxg4 Bxg4 17. Rdf1 Nc4 18. Qf2 Be6 19. Nd5 Bxd5 20. exd5 Qc7 21. Bxc4 bxc4 22. c3 Rxd5 23. Re1 e5 24. Nc2 f5 25. Rhg1 Rb5 26. Qd2 Rfb8 27. Nb4 e4 28. Bh6 a5 29. Rxg6 axb4 30. Rxg7+ Qxg7 31. Bxg7 Kxg7 32. Rg1+ Kf7 33. Qh6 Rf8 34. Rg7+ Ke8 35. Qe6+ 1-0

[Event "Thessaloniki Triandria op 2nd"]
[Site "Thessaloniki"]
[Date "2009.04.26"]
[Round "7"]
[White "Galunov, Todor"]
[Black "Hidzos, Georgios"]
[Result "1-0"]
[WhiteElo "2312"]
[BlackElo "2046"]
[PlyCount "49"]
[EventDate "2009.04.21"]
[EventType "swiss"]
[EventRounds "7"]
[EventCountry "GRE"]
[SourceTitle "EXT 2024"]
[Source "ChessBase"]
[SourceDate "2023.10.10"]
[SourceVersion "1"]
[SourceVersionDate "2023.10.10"]
[SourceQuality "1"]

1. Nf3 Nf6 2. g3 b6 3. Bg2 Bb7 4. 0-0 c5 5. c4 g6 6. b3 Bg7 7. Bb2 0-0 8. Nc3 e6 9. d4 cxd4 10. Qxd4 Ne4 11. Qe3 Nxc3 12. Bxc3 Bxc3 13. Qxc3 d5 14. Rfd1 Qe7 15. Ne5 f6 16. Ng4 h5 17. Ne3 dxc4 18. Bxb7 Qxb7 19. Qxc4 Re8 20. Rd6 Kf7 21. Rad1 Re7 22. Qf4 Na6 23. Qh6 Rg8 24. Rd8 Rxd8 25. Qh7+ 1-0

[Event "Thessaloniki Triandria op 2nd"]
[Site "Thessaloniki"]
[Date "2009.04.25"]
[Round "5"]
[White "Ilandzis, Spyridon"]
[Black "Hidzos, Georgios"]
[Result "0-1"]
[WhiteElo "2218"]
[BlackElo "2046"]
[PlyCount "108"]
[EventDate "2009.04.21"]
[EventType "swiss"]
[EventRounds "7"]
[EventCountry "GRE"]
[SourceTitle "EXT 2024"]
[Source "ChessBase"]
[SourceDate "2023.10.10"]
[SourceVersion "1"]
[SourceVersionDate "2023.10.10"]
[SourceQuality "1"]

1. d4 Nf6 2. Bg5 Ne4 3. Bh4 c5 4. f3 g5 5. fxe4 gxh4 6. e3 Nc6 7. Nc3 Bg7 8. Nf3 d6 9. d5 Ne5 10. Bb5+ Bd7 11. Bxd7+ Qxd7 12. Nxh4 Nc4 13. Nf5 Be5 14. Qg4 Nxb2 15. Ne2 h5 16. Qh3 e6 17. Nh4 exd5 18. Qxd7+ Kxd7 19. 0-0 Raf8 20. exd5 Nc4 21. Rab1 Kc7 22. Nf3 f6 23. e4 Ne3 24. Rfc1 Rfg8 25. g3 h4 26. Nxe5 fxe5 27. Rb3 Nc4 28. Rf1 Rg7 29. Rbf3 Rhh7 30. Rd1 h3 31. Kf2 Rf7 32. Ng1 Na3 33. c3 b5 34. Rdd3 b4 35. cxb4 cxb4 36. Rxf7+ Rxf7+ 37. Rf3 Rxf3+ 38. Kxf3 Nb1 39. Ne2 Nd2+ 40. Kg4 Nxe4 41. Kxh3 Nc3 42. Nc1 a5 43. Kg4 Kd7 44. h4 Ke7 45. Kf5 Nxd5 46. h5 Kf7 47. g4 Ne3+ 48. Kg5 a4 49. Nd3 b3 50. axb3 axb3 51. Nb2 d5 52. Nd3 Nc4 53. Kf5 e4 54. Nf4 Ne3+ 0-1

[Event "Thessaloniki Triandria op 2nd"]
[Site "Thessaloniki"]
[Date "2009.04.22"]
[Round "2"]
[White "Mitrou, Andreas"]
[Black "Hidzos, Georgios"]
[Result "0-1"]
[WhiteElo "1624"]
[BlackElo "2046"]
[PlyCount "94"]
[EventDate "2009.04.21"]
[EventType "swiss"]
[EventRounds "7"]
[EventCountry "GRE"]
[SourceTitle "EXT 2024"]
[Source "ChessBase"]
[SourceDate "2023.10.10"]
[SourceVersion "1"]
[SourceVersionDate "2023.10.10"]
[SourceQuality "1"]

1. e4 c5 2. Nf3 e6 3. Nc3 Nc6 4. d4 cxd4 5. Nxd4 d6 6. Be3 Nf6 7. Be2 Be7 8. 0-0 0-0 9. f4 e5 10. Nf5 Bxf5 11. exf5 exf4 12. Rxf4 d5 13. Bd4 Nxd4 14. Qxd4 Rc8 15. Kh1 Bc5 16. Qd3 Re8 17. Bf3 Re5 18. g3 Be3 19. Rb4 b6 20. Rb3 Qd7 21. Nxd5 Nxd5 22. Bxd5 Rxd5 23. Qxe3 Rd1+ 24. Rxd1 Qxd1+ 25. Qg1 Qd5+ 26. Qg2 Qd1+ 27. Qg1 Qxc2 28. Rc3 Rxc3 29. bxc3 Qe4+ 30. Qg2 Qe1+ 31. Qg1 Qxc3 32. Qd1 Qc6+ 33. Kg1 h6 34. Qd8+ Kh7 35. Qd3 Qc1+ 36. Kg2 Qb2+ 37. Kg1 Qa1+ 38. Kg2 Qxa2+ 39. Kg1 a5 40. f6+ g6 41. Qd8 Qe6 42. Qe7 g5 43. Kg2 Kg6 44. h3 Qxf6 45. Qe4+ Kg7 46. g4 Qb2+ 47. Kg3 b5 0-1